Countries Bordering Countries That Border Syria - Statistics

General Stats
  • This quiz has been taken 20 times
  • The average score is 8 of 9
Answer Stats
Answer % Correct
Armenia
100%
Azerbaijan
100%
Iran
100%
Egypt
95%
Georgia
95%
Saudi Arabia
95%
Bulgaria
84%
Greece
84%
Kuwait
74%
No matching quizzes found
Score Distribution
Percent of People with Each Score
Percentile by Number Answered
Your Score History
You have not taken this quiz